000 00892nam a2200301 i 4500
001 6151
003 ES-MaACL
005 20230906144818.0
008 890821s1986 xxk ||||0| eng d
020 _a0-521-31642-1
020 _a0-521-31641-3
080 _a001:1
080 _a1:001
080 _a165
100 1 _aFeyerabend, Paul K.
_950655
245 1 0 _aPhilosophical papers /
_cPaul K. Feyerabend.
250 _a1ª ed., repr.
260 _aCambridge :
_bUniversity Press,
_c1986.
300 _a2 v. ;
_c23 cm.
490 1 _aCambridge paperback library
500 _aÍndices.
505 8 _aContiene: 1. Realism, rationalism & scientific method - 2. Problems of empiricism
650 4 _aCiencia-
_xFilosofía.
_910950
650 4 _aEpistemología.
_912338
830 1 _aCambridge paperback library
_9177464
852 4 _aES-MaACL
_jL-13306-07
999 _c6151
_d6151